50 Cities with the most Skyscrapers on a Map - Statistics

General Stats
  • This quiz has been taken 3,211 times
    796 since last reset
  • The average score is 37 of 50
Answers on the Map
Answers color-coded by a green-red scale on the quiz's map according to % correct below.
 
Answer Stats
# Answer % Correct
40 London
99%
81 Miami
99%
337 New York City
99%
201 Tokyo
99%
138 Chicago
98%
291 Dubai/Sharjah
98%
48 Istanbul
98%
52 Moscow
98%
105 Toronto
97%
70 Beijing
96%
51 Houston
96%
106 Mumbai
96%
67 Panama City
96%
161 Seoul
96%
125 Bangkok
95%
121 Jakarta
95%
195 Shanghai
95%
50 Sydney
95%
35 Tel Aviv
95%
44 Abu Dhabi
94%
125 Manila
94%
77 Melbourne
94%
52 Osaka
94%
564 Hong Kong
92%
98 Singapore
92%
57 Doha
90%
225 Kuala Lumpur
88%
335 Guangzhou
85%
181 Wuhan
83%
77 Busan
77%
434 Shenzhen
77%
127 Chengdu
70%
145 Chongqing
69%
76 Tianjin
65%
38 Xiamen
61%
33 Macau
60%
79 Nanjing
59%
88 Hangzhou
49%
40 Qingdao
47%
59 Dalian
42%
84 Changsha
40%
101 Shenyang
39%
38 Penang
35%
93 Nanning
34%
76 Suzhou/Wuxi
32%
49 Hefei
31%
33 Johor Bahru
29%
41 Jinan
24%
36 Guiyang
16%
38 Nanchang
14%
No matching quizzes found
Score Distribution
Percent of People with Each Score
Percentile by Number Answered
Your Score History
You have not taken this quiz since the last reset